00570nam a22001457a 4500003000400000005001700004008004100021040001400062100002800076245013100104260001000235300002800245500011900273504003200392OSt20171010095450.0120626t xxu||||| |||| 00| 0 eng d aMMSUcULS aGalamgam, Nathaniel B.  aEffectiveness of different weed control methods for direct seeded rice (PSB Rc 14) in rainfed lowland cNathaniel B. Galamgam  c2008  axv, 71 leaves c28 cm.  aThesis (BS Agriculture-Agronomy) -- Mariano Marcos State University-College of Agriculture & Forestry, Batac City  aBibliography: leaves 47-48